Catalog

Record Details

Catalog Search



Available copies

  • 1 of 1 copy available at LARL/NWRL Consortium.
  • 1 of 1 copy available at Northwest Regional Library. (Show preferred library)

Current holds

0 current holds with 1 total copy.

Show Only Available Copies
Location Call Number / Copy Notes Barcode Shelving Location Status Due Date
Thief River Falls Public Library TAY (Text) 35500005410483 Main Available -

Record details

  • ISBN: 0758290306 (paperback)
  • ISBN: 9780758290304 (paperback)
  • Physical Description: 327 pages ; 21 cm.
  • Publisher: New York : Aphrodisia Books : 2014.

Content descriptions

Summary, etc.:
To keep her brother from going to prison Abby ... Read More
Subject: Man-woman relationships > Fiction.
Administrative assistants > Fiction.
Sexual fantasies > Fiction.
Bondage (Sexual behavior) > Fiction.
Genre: Erotic fiction.
LDR 01280cam a22003253i 4500
001166619
003LARL_NWRL_CONSORTIUM
00520140522013105.0
008130918s2014 nyu 000 0 eng d
020 . ‡a0758290306 (paperback)
020 . ‡a9780758290304 (paperback)
035 . ‡a(OCoLC)858601825
040 . ‡aYDXCP ‡beng ‡erda ‡cYDXCP ‡dBTCTA ‡dBDX ‡dGZD
049 . ‡aNRG
1001 . ‡aTaylor, Tawny, ‡eauthor.
24510. ‡aSurrender / ‡cTawny Taylor.
260 . ‡aNew York : ‡bAphrodisia Books : ‡bKensington Publshing, ‡c2014.
260 . ‡c♭2014.
300 . ‡a327 pages ; ‡c21 cm.
336 . ‡atext ‡btxt ‡2rdacontent.
337 . ‡aunmediated ‡bn ‡2rdamedia.
338 . ‡avolume ‡bnc ‡2rdacarrier.
520 . ‡aTo keep her brother from going to prison Abby agrees to an unusual, but provocative request by Kameron Maldondo, the owner of the company where she is employed.
650 0. ‡aMan-woman relationships ‡vFiction. ‡0(LARL_NWRL_CONSORTIUM)165985
650 0. ‡aAdministrative assistants ‡vFiction.
650 0. ‡aSexual fantasies ‡vFiction.
650 0. ‡aBondage (Sexual behavior) ‡vFiction. ‡0(LARL_NWRL_CONSORTIUM)171042
655 7. ‡aErotic fiction. ‡2gsafd.
901 . ‡a166619 ‡bISxN ‡c166619 ‡tbiblio

Additional Resources